Statistics for Brown Eyed Girl Lyrics

Click here to take the quiz!

General Stats

  • This quiz has been taken 870 times
  • The average score is 27 of 34

Answer Stats

Lyrics% Correct
My brown eyed {girl}
98%
My brown eyed {girl}
98%
My brown eyed {girl}
98%
You my brown eyed {girl}
98%
You my brown eyed {girl}.
98%
You my brown eyed {girl}
98%
Days when the {rains} came
93%
Do you {remember} when we used to sing
92%
Hey {where} did we go
92%
Playin' a new {game}
92%
I saw you just the {other} day
90%
Sha la la la la la la la la la la te {da}
89%
Sha la la la la la la la la la la te {da}.
89%
Now that I'm all on my {own}
86%
My how you have {grown}
85%
Do you remember when we used to {sing}
83%
Our {hearts} a thumpin' and you
82%
{Down} in the hollow
81%
{Skipping} and a jumping
80%
Making love in the {green} grass
79%
So hard to find my {way}
78%
{Slipping} and sliding
76%
Laughing and a {running} hey, hey
74%
Whatever {happened}
72%
With a {transistor} radio
72%
All along the {water}fall, with you
69%
Going down the {old} mine
68%
Standing in the {sunlight} laughing
63%
Behind the {stadium} with you
62%
Cast my memory {back} there, Lord
61%
To {Tuesday} and so slow
55%
In the misty morning {fog} with
51%
{Hiding} behind a rainbow's wall
48%
Sometime I'm {overcome} thinking 'bout
42%

Score Distribution

Percentile by Number Answered

Percent of People with Each Score

Your Score History

You have not taken this quiz